00348pab a2200133 454500008004000000100002300040245004100063260000900104300001600113362001000129650002300139650001800162773003400180180718b2005 xxu||||| |||| 00| 0 eng d aChakraborty, Atanu aStatus of Gas in India's fuel basket c2005 ap.1424-427. a2 Apr aPetroleum industry aGas resources aEconomic and Political Weekly